000 00959nam a2200217 i 4500
001 188924
003 ES-MaACL
005 20251220174051.0
008 190227s1982 sp |||| | spa d
100 1 _aMarulanda, Oscar.
_9166490
245 1 0 _aManejo integrado de recursos :
_b[trabajo presentado al Seminario sobre Articulación de Ciencias, organizado por el CIFCA y la Red de Formación ambiental (UCORED), celebrado en Bogotá, en noviembre de 1982] /
_cOscar Marulanda.
260 _a[Madrid :
_bCIFCA,
_c1982?]
300 _a22 p. ;
_c30 cm.
490 1 _aOpiniones. Recursos naturales ;
_v6
650 0 7 _aRecursos naturales
_2embne
_916700
710 2 _aCentro Internacional de Formación en Ciencias Ambientales (Madrid)
_9166480
711 2 _aSeminario sobre Articulación de Ciencias
_d(1982.
_cBogotá)
_9166491
830 0 _aOpiniones. Recursos naturales ;
_v6
_9193215
852 _aES-MaACL
_jP-466-6
999 _c188924
_d188924